El libro de Marco Polo : (Registro nro. 15595)
[ vista simple ]
| 000 -LEADER | |
|---|---|
| fixed length control field | 01009nam a22002537a 4500 |
| 003 - CONTROL NUMBER IDENTIFIER | |
| control field | OSt |
| 005 - DATE AND TIME OF LATEST TRANSACTION | |
| control field | 20210914190325.0 |
| 008 - FIXED-LENGTH DATA ELEMENTS--GENERAL INFORMATION | |
| fixed length control field | 210914b2007 ck a|||gr|||| 00| 0 spa d |
| 020 ## - INTERNATIONAL STANDARD BOOK NUMBER | |
| International Standard Book Number | 9789588321325 |
| 040 ## - CATALOGING SOURCE | |
| Original cataloging agency | CO-JMCR |
| Transcribing agency | CO-JMCR |
| 041 0# - LANGUAGE CODE | |
| Language code of text/sound track or separate title | spa |
| 082 04 - DEWEY DECIMAL CLASSIFICATION NUMBER | |
| Classification number | 910.92 / |
| Item number | P778l |
| Edition number | 23 |
| 100 1# - MAIN ENTRY--PERSONAL NAME | |
| Personal name | Polo, Marco, |
| Relator term | autor |
| 9 (RLIN) | 40399 |
| 245 13 - TITLE STATEMENT | |
| Title | El libro de Marco Polo : |
| Remainder of title | sobre las cosas maravillosas de oriente / |
| Statement of responsibility, etc. | ilustrado por Olga Cuéllar |
| 260 ## - PUBLICATION, DISTRIBUTION, ETC. | |
| Place of publication, distribution, etc. | Bogotá : |
| Name of publisher, distributor, etc. | Alcaldía Mayor de Bogotá : Secretaría Distrital de Cultura, Recreación y Deporte, |
| Date of publication, distribution, etc. | 2007 |
| 300 ## - PHYSICAL DESCRIPTION | |
| Extent | 111 páginas : |
| Other physical details | ilustraciones a blanco y negro ; |
| Dimensions | 17 cm. |
| 490 0# - SERIES STATEMENT | |
| Series statement | Libro al viento ; |
| Volume/sequential designation | 40 |
| 505 0# - FORMATTED CONTENTS NOTE | |
| Formatted contents note | Aquí empieza el primer libro -- Aquí empieza el segundo libro -- Aquí empieza el tercer libro |
| 600 ## - SUBJECT ADDED ENTRY--PERSONAL NAME | |
| Personal name | Polo, Marco, |
| Dates associated with a name | 1254-1324 |
| General subdivision | Itinerarios |
| 9 (RLIN) | 40400 |
| 650 14 - SUBJECT ADDED ENTRY--TOPICAL TERM | |
| Topical term or geographic name entry element | Relatos de viajes |
| 9 (RLIN) | 40401 |
| 651 #4 - SUBJECT ADDED ENTRY--GEOGRAPHIC NAME | |
| Geographic name | Asia |
| General subdivision | Descripciones y viajes |
| 9 (RLIN) | 40402 |
| 700 1# - ADDED ENTRY--PERSONAL NAME | |
| Personal name | Cuéllar, Olga, |
| Relator term | ilustradora |
| 9 (RLIN) | 1085 |
| 942 ## - ADDED ENTRY ELEMENTS (KOHA) | |
| Source of classification or shelving scheme | Dewey Decimal Classification |
| Koha item type | Books |
| Withdrawn status | Lost status | Source of classification or shelving scheme | Damaged status | Not for loan | Collection code | Home library | Current library | Date acquired | Source of acquisition | Total Checkouts | Full call number | Barcode | Date last seen | Date last checked out | Copy number | Price effective from | Koha item type |
|---|---|---|---|---|---|---|---|---|---|---|---|---|---|---|---|---|---|
| Dewey Decimal Classification | Non-fiction | Biblioteca Pública José María del Castillo y Rada | Biblioteca Pública José María del Castillo y Rada | 08/04/2021 | Donación | 1 | 910.92 / P778l | 201811056 | 02/26/2024 | 02/26/2024 | Ej.1 | 09/14/2021 | Books |